Date | Album | Artist | % Correct |
---|---|---|---|
Nov 20 | 25 | Adele | 65%
|
Nov 13 | Purpose | Justin Bieber | 65%
|
May 26 | At.Long.Last.A$AP | A$AP Rocky | 59%
|
Dec 4 | A Head Full of Dreams | Coldplay | 59%
|
Mar 16 | To Pimp a Butterfly | Kendrick Lamar | 59%
|
May 19 | Blurryface | Twenty One Pilots | 59%
|
Feb 13 | If Youre Reading This Its Too Late | Drake | 53%
|
Aug 30 | M____ C____ & Her Dead Petz | Miley Cyrus | 53%
|
Aug 21 | E•MO•TION | Carly Rae Jepsen | 41%
|
Sep 4 | Rodeo | Travi$ Scott | 41%
|
Aug 7 | Compton | Dr. Dre | 35%
|
Sep 18 | Honeymoon | Lana Del Rey | 35%
|
Apr 21 | Sound & Color | Alabama Shakes | 29%
|
Jan 20 | Vulnicura | Björk | 29%
|
Jan 16 | American Beauty / American Psycho | Fall Out Boy | 29%
|
Aug 13 | M3LL155X | FKA twigs | 29%
|
Nov 6 | Art Angels | Grimes | 29%
|
Feb 17 | Smoke + Mirrors | Imagine Dragons | 29%
|
Jun 1 | In Colour | Jamie xx | 29%
|
Jan 20 | B4.DA.$$ | Joey Bada$$ | 29%
|
Mar 6 | Rebel Heart | Madonna | 29%
|
Mar 31 | Carrie & Lowell | Sufjan Stevens | 29%
|
Mar 23 | Mr. Wonderful | Action Bronson | 24%
|
Feb 24 | Dark Sky Paradise | Big Sean | 24%
|
Apr 27 | The Magic Whip | Blur | 24%
|
Mar 23 | I Don't Like S-, I Don't Go Outside | Earl Sweatshirt | 24%
|
Nov 6 | Delirium | Ellie Goulding | 24%
|
Sep 18 | GO:OD AM | Mac Miller | 24%
|
Jun 8 | Drones | Muse | 24%
|
May 12 | Bush | Snoop Dogg | 24%
|
Oct 9 | The Documentary 2 | The Game | 24%
|
Jun 30 | Ego Death | The Internet | 24%
|
Apr 13 | Cherry Bomb | Tyler, the Creator | 24%
|
Sep 25 | Every Open Eye | CHVRCHES | 18%
|
Mar 20 | Sometimes I Sit and Think, and Sometimes I Just Sit | Courtney Barnett | 18%
|
Mar 31 | Jenny Death | Death Grips | 18%
|
Sep 25 | Caracal | Disclosure | 18%
|
Jun 2 | How Big How Blue How Beautiful | Florence + The Machine | 18%
|
Aug 28 | What Went Down | Foals | 18%
|
Jul 17 | Dirty Sprite 2 | Future | 18%
|
Mar 31 | Asunder, Sweet and Other Distress | Godspeed You! Black Emperor | 18%
|
Sep 4 | The Book of Souls | Iron Maiden | 18%
|
Oct 23 | Divers | Joanna Newsom | 18%
|
Sep 25 | Have You in My Wilderness | Julia Holter | 18%
|
May 5 | The Epic | Kamasi Washington | 18%
|
Apr 29 | Third Side of Tape | Lil Ugly Mane | 18%
|
Jul 4 | FWA | Lil Wayne | 18%
|
Nov 13 | The Incredible True Story | Logic | 18%
|
Jan 20 | Testuo & Youth | Lupe Fiasco | 18%
|
Apr 7 | Beat the Champ | Mountain Goats | 18%
|
Nov 13 | Garden of Delete | Oneohtrix Point Never | 18%
|
Oct 9 | The Agent Intellect | Protomartyr | 18%
|
Jul 27 | Man Plans God Laughs | Public Enemy | 18%
|
Jan 6 | SremmLife | Rae Sremmurd | 18%
|
Jun 2 | Universal Themes | Sun Kil Moon | 18%
|
Jul 17 | Currents | Tame Impala | 18%
|
Jul 17 | Born in the Echoes | The Chemical Brothers | 18%
|
Aug 28 | Beauty Behind the Madness | The Weeknd | 18%
|
Jul 28 | The Most Lamentable Tragedy | Titus Andronicus | 18%
|
Jan 20 | V___ C___ | Viet Cong | 18%
|
Jun 30 | Summertime '06 | Vince Staples | 18%
|
Jul 16 | Star Wars | Wilco | 18%
|
Apr 6 | White Men Are Black Men Too | Young Fathers | 18%
|
Apr 16 | Barter 6 | Young Thug | 18%
|
May 18 | True Colors | Zedd | 18%
|
Jun 2 | Al_____ | Algiers | 12%
|
Nov 20 | Mutant | Arca | 12%
|
Sep 18 | La Di Da Di | Battles | 12%
|
Aug 28 | Depression Cherry | Beach House | 12%
|
Sep 11 | That's the Spirit | Bring Me the Horizon | 12%
|
Mar 3 | Blade of the Ronin | Cannibal Ox | 12%
|
Aug 7 | Abyss | Chelsea Wolfe | 12%
|
Mar 3 | No Now | Clarence Clarity | 12%
|
Oct 2 | New Bermuda | Deafheaven | 12%
|
Mar 31 | Kintsugi | Death Cab for Cutie | 12%
|
Oct 16 | Fading Frontier | Deerhunter | 12%
|
Jun 9 | 32 Zel / Planet Shrooms | Denzel Curry | 12%
|
Aug 28 | Poison Season | Destroyer | 12%
|
Nov 27 | But You Caint Use My Phone | Erykah Badu | 12%
|
Jun 15 | Get to Heaven | Everything Everything | 12%
|
Feb 10 | I Love You, Honeybear | Father John Misty | 12%
|
Nov 20 | Shadow of a Doubt | Freddie Gibbs | 12%
|
Aug 7 | Death Magic | HEALTH | 12%
|
Jun 16 | Luminiferous | High on Fire | 12%
|
May 19 | Platform | Holly Herndon | 12%
|
May 18 | Why Make Sense? | Hot Chip | 12%
|
Jun 16 | Lantern | Hudson Mohawke | 12%
|
Jul 21 | Live from the Dentist Office | Injury Reserve | 12%
|
Sep 11 | 90059 | Jay Rock | 12%
|
Feb 25 | We Cool? | Jeff Rosenstock | 12%
|
Feb 3 | Lost Themes | John Carpenter | 12%
|
Mar 24 | The Ark Work | Liturgy | 12%
|
Jan 15 | The Pale Emperor | Marilyn Manson | 12%
|
Jun 29 | Dreams Worth More Than Money | Meek Mill | 12%
|
Jun 30 | Wildheart | Miguel | 12%
|
Sep 25 | so the flies don't come | milo | 12%
|
Mar 17 | Strangers to Ourselves | Modest Mouse | 12%
|
May 4 | Wilder Mind | Mumford & Sons | 12%
|
May 4 | The Waterfall | My Morning Jacket | 12%
|
Jan 23 | Apex Predator -- Easy Meat | Napalm Death | 12%
|
Oct 16 | VEGA INTL. Night School | Neon Indian | 12%
|
Sep 18 | Sun Coming Down | Ought | 12%
|
Jan 9 | P____ B___ Meets the Grim Reaper | Panda Bear | 12%
|
Jan 23 | Man, It Feels Like Space Again | Pond | 12%
|
May 12 | Frozen Niagara Falls | Prurient | 12%
|
Mar 3 | another eternity | Purity Ring | 12%
|
Jul 17 | Magnifique | Ratatat | 12%
|
Nov 5 | EVENIFUDONTBELIEVE | Rustie | 12%
|
May 19 | Ratchet | Shamir | 12%
|
Jan 20 | No Cities to Love | Sleater-Kinney | 12%
|
Dec 4 | Kannon | Sunn O))) | 12%
|
Feb 24 | EarthEE | THEESatisfaction | 12%
|
Feb 23 | Citizen Zombie | The Pop Group | 12%
|
Mar 30 | The Day is My Enemy | The Prodigy | 12%
|
May 12 | Dark Bird is Home | The Tallest Man on Earth | 12%
|
Jun 22 | The Beyond / Where the Giants Roam | Thundercat | 12%
|
Feb 3 | Hyperview | Title Fight | 12%
|
Apr 6 | What For? | Toro y Moi | 12%
|
May 5 | Sprinter | Torres | 12%
|
Nov 25 | Flockaveli 1.5 | Waka Flocka Flame | 12%
|
Oct 2 | V | Wavves | 12%
|
Apr 7 | Ivy Tripp | Waxahatchee | 12%
|
Jan 27 | Xe | Zs | 12%
|
Jun 9 | GUUD | Ash Koosha | 6%
|
Oct 2 | Stories | Avicii | 6%
|
Oct 14 | It's Better This Way | Big K.R.I.T. | 6%
|
Jun 30 | In Another Life | Bilal | 6%
|
Mar 31 | Today, I Wrote Nothing | billy woods | 6%
|
Nov 6 | Thumbs | Busdriver | 6%
|
Aug 7 | The Anthropocene Extinction | Cattle Decapitation | 6%
|
Aug 28 | Kunk | Dope Body | 6%
|
Feb 24 | The Ecology | Fashawn | 6%
|
Sep 25 | F____ W__ | Fetty Wap | 6%
|
Sep 4 | Too | Fidlar | 6%
|
Oct 30 | Dealer | Foxing | 6%
|
Aug 21 | Meliora | Ghost | 6%
|
Jun 2 | Before the World Was Big | Girlpool | 6%
|
Oct 30 | Chinese Nü Yr | Iglooghost | 6%
|
Jan 28 | Sleeping Tapes | Jeff Bridges | 6%
|
May 19 | Simple Songs | Jim O'Rourke | 6%
|
Jun 23 | Pageant Material | Kacey Musgraves | 6%
|
Feb 17 | A Distant Fist Unclenching | Krill | 6%
|
Feb 17 | Scar Sighted | Leviathan | 6%
|
Mar 24 | Fantasy Empire | Lightning Bolt | 6%
|
Aug 7 | Another One | Mac DeMarco | 6%
|
Feb 3 | Sauna | Mount Eerie | 6%
|
Mar 3 | Aureate Gloom | of Montreal | 6%
|
Oct 16 | Autumn Eternal | Panopticon | 6%
|
Jul 17 | Dale | Pitbull | 6%
|
Apr 6 | Living Fields | Portico | 6%
|
Jun 30 | Freedom | Refused | 6%
|
Jul 24 | Key Markets | Sleaford Mods | 6%
|
Jun 22 | A Lot of Sorrow | The National | 6%
|
Sep 25 | Evermore: The Art of Duality | The Underachievers | 6%
|
Oct 13 | Halfway | Uncommon Nasa | 6%
|
Oct 2 | Age of Transparency | Autre Ne Veut | 0%
|
Jun 30 | Into the Sun | Bassnectar | 0%
|
Apr 6 | Culture of Volume | East India Youth | 0%
|
May 12 | New Alhambra | Elvis Depressedly | 0%
|
May 4 | Choose Your Weapon | Haitus Kaiyote | 0%
|
Jun 8 | Alternative Light Source | Leftfield | 0%
|
Aug 21 | M | Myrkur | 0%
|
Jan 23 | Juggernaut: Alpha | Periphery | 0%
|
Feb 24 | Rose Mountain | Screaming Females | 0%
|
Apr 3 | Dark Red | Shlohmo | 0%
|
Sep 18 | Back on Top | The Front Bottoms | 0%
|
Apr 13 | Wi__ | Wire | 0%
|
Oct 30 | I Am a Problem: Mind in Pieces | Wolf Eyes | 0%
|
Jan 27 | Tierra Y Libertad | Xibalba | 0%
|
Apr 21 | Love Story | Yelawolf | 0%
|
Copyright H Brothers Inc, 2008–2024
Contact Us | Go To Top | View Desktop Site